000 00469nam a2200169Ia 4500
999 _c19258
_d19258
003 OSt
005 20200619134810.0
008 190216s9999||||xx |||||||||||||| ||und||
040 _coclc
082 _a954
_bMUL/I
100 _aMuller, F Max
_93039
245 0 _aIndia What Can It Teach Us? /
_cF Max Muller
260 _bMunshiram Manoharlal Pub Pvt Ltd,
300 _a192p
650 _aHistory
942 _cBK
_2ddc
_h954
_iMUL/I
_k954
_mMUL/I